000 00673pam a2200229 a 4500
001 4889651
005 20180815081251.0
008 930929s1994 maua b 001 0 eng
010 _a 93039062
020 _a0205150276 :
_c$28.00
040 _aDLC
_cDLC
_dDLC
041 _aeng
080 _a305.231
082 0 0 _a305.231
_220
100 1 _a48
101 _aPSI
245 1 0 _aChild development /
_cLaura E. Berk.
504 _aIncludes bibliographical references and indexes.
906 _a7
_bcbc
_corignew
_d1
_eocip
_f19
_gy-gencatlg
942 _2ddc
_cBK
999 _c47190
_d47190